ბათუმის შოთა რუსთაველის სახელმწიფო უნივერსიტეტის ბიბლიოთეკა

ნაგებობათა სეისმომედეგობა. (ბიბ.ჩანაწერი № 35721)

000 -LEADER
fixed length control field 00692nam a2200217Ia 4500
001 - CONTROL NUMBER
control field 1594
003 - CONTROL NUMBER IDENTIFIER
control field GE_BSU
008 - FIXED-LENGTH DATA ELEMENTS--GENERAL INFORMATION
fixed length control field 181216s||||||||xx |||||||||||||| ||und||
040 ## - CATALOGING SOURCE
Transcribing agency GE_BSU
080 ## - UNIVERSAL DECIMAL CLASSIFICATION NUMBER
Universal Decimal Classification number 699.841(075.8)
100 ## - MAIN ENTRY--PERSONAL NAME
Personal name კობიძე,გ. ყურაშვილი,მ.
245 ## - TITLE STATEMENT
Title ნაგებობათა სეისმომედეგობა.
245 ## - TITLE STATEMENT
Remainder of title დამხმ. სახელმძღვ.
260 ## - PUBLICATION, DISTRIBUTION, ETC.
Place of publication, distribution, etc. თბ.
260 ## - PUBLICATION, DISTRIBUTION, ETC.
Name of publisher, distributor, etc. ტექნიკ. უნ–ტი.
260 ## - PUBLICATION, DISTRIBUTION, ETC.
Date of publication, distribution, etc. 1995.
300 ## - PHYSICAL DESCRIPTION
Extent 137გვ;19სმ.
653 ## - INDEX TERM--UNCONTROLLED
Uncontrolled term ნაგებობათა სეისმომედეგობა.
942 ## - ADDED ENTRY ELEMENTS (KOHA)
Koha item type წიგნი
ეგზემპლარები
Withdrawn status Lost status Damaged status Not for loan Date acquired Barcode Date last seen Price effective from Koha item type
        2018-12-17 3070 2018-12-17 2018-12-17 წიგნი